Educación matemática: 3º básico. Texto para el profesor
Spremljeno u:
| Glavni autor: | |
|---|---|
| Format: | Knjiga |
| Jezik: | španjolski |
| Izdano: |
Santiago
Zig-Zag
2003
|
| Izdanje: | 2a. ed |
| Serija: | NB2
|
| Teme: | |
| Oznake: |
Dodaj oznaku
Bez oznaka, Budi prvi tko označuje ovaj zapis!
|
MARC
| LEADER | 00000nam a2200000 a 4500 | ||
|---|---|---|---|
| 001 | UCH6286 | ||
| 003 | CL-VaPUC | ||
| 008 | 091109e20030000CL |||||||||||||||||spa|d | ||
| 020 | |a 9161214393 | ||
| 082 | 0 | 4 | |a 372.7 |b FRI |2 21 |
| 100 | 0 | |a Frías Barea, Mónica |e author |9 542715 | |
| 245 | 1 | 0 | |a Educación matemática: 3º básico. Texto para el profesor |
| 250 | |a 2a. ed | ||
| 300 | |a 175 p | ||
| 942 | |c BK | ||
| 945 | |d 20091109 00:00:00 |a lazolas | ||
| 260 | |a Santiago |b Zig-Zag |c 2003 | ||
| 650 | 0 | |a Matemática |9 260235 | |
| 650 | 0 | |a Educación básica |9 224933 | |
| 650 | 0 | |a Matemáticas |x Enseñanza |9 875527 | |
| 650 | 0 | |a Métodos de enseñanza |9 270413 | |
| 583 | |a last modification |c 20170816 01:04:39 |k Rodrigo Vera | ||
| 490 | 0 | |a NB2 | |
| 999 | |c 337204 |d 337202 | ||